Entre dos fuegos (Record no. 170852)

MARC details
000 -LEADER
campo de control de longitud fija 00711nam a2200157 i 4500
001 - NÚMERO DE CONTROL
campo de control 170852
003 - IDENTIFICADOR DE NÚMERO DE CONTROL
campo de control ES-MaACL
005 - FECHA Y HORA DE LA ÚLTIMA TRANSACCIÓN
campo de control 20230906214458.0
008 - DATOS DE LONGITUD FIJA--INFORMACIÓN GENERAL
campo de control de longitud fija 090413s1878 sp |||| | spa d
100 1# - ENTRADA PRINCIPAL--NOMBRE DE PERSONA
Nombre de persona Vélez, Gerardo.
9 (RLIN) 139769
245 10 - MENCIÓN DEL TÍTULO
Título Entre dos fuegos
Resto del título : disparate cómico en un acto y en prosa /
Mención de responsabilidad, etc. por Gerardo Vélez.
260 ## - PUBLICACIÓN, DISTRIBUCIÓN, ETC.
Lugar de publicación, distribución, etc. Madrid :
Nombre del editor, distribuidor, etc. [s.n.],
Fecha de publicación, distribución, etc. 1878 (
Fabricante Impr. de José Rodríguez)
300 ## - DESCRIPCIÓN FÍSICA
Extensión 30 p. ;
Dimensiones 19 cm.
500 ## - NOTA GENERAL
Nota general En port.: Estrenado con gran aplauso en el Teatro Variedades en noviembre de 1874.
852 ## - LOCALIZACIÓN
Ubicación ES-MaACL
Número de control de estantería F-8561(7)
Nota libre Enc. pasta española
condición física .- Falto de la cub. original
Nota libre .- Enc. en vol. facticio formando parte de la col. facticia "Teatro español moderno", vol. 12
Holdings
Estatus retirado Estado de pérdida Estado de daño No para préstamo Colección Biblioteca de origen Biblioteca actual Ubicación en estantería Fecha de adquisición Fuente de adquisición Total de préstamos Signatura topográfica completa Código de barras Visto por última vez Precio de reemplazo Tipo de ítem Koha
        Libros del s. XIX Biblioteca del Ateneo de Madrid Biblioteca del Ateneo de Madrid Sala Pecera Planta 2 13/04/2009     F-8561(7) 1179308 23/02/2023 23/02/2023 Libro impreso antiguo